| 000 | 01680nam a22002297a 4500 | ||
|---|---|---|---|
| 999 |
_c59037 _d59037 |
||
| 003 | Ge_BSU | ||
| 005 | 20221102164536.0 | ||
| 008 | 221102s2009 xxu||||| |||| 00| 0 geo d | ||
| 020 | _a9789941409141 | ||
| 041 | _ageo | ||
| 080 | _a342.5(479.22) გ-61 | ||
| 100 |
_aგოგოლიშვილი, ოთარ _915751 |
||
| 245 |
_aსახელმწიფო ხელისუფლების ორგანოები XVIII საუკუნის საქართველოში / _cოთარ გოგოლიშვილი ; შოთა რუსთაველის სახელმწ. უნ-ტი, სოციალ. მეცნ., ბიზნესისა და სამართალმცოდნ. ფაკ-ტი, იურიდ. მეცნ. დეპარტამენტი |
||
| 264 |
_aბათუმი : _b შოთა რუსთაველის სახელმწ. უნ-ტის გამ-ბა და სტ. _c2009. |
||
| 300 |
_a31 გვ. ; _b20 სმ. |
||
| 490 | _aსამართალმცოდნეობის სპეციალობის სტუდენტის ბიბლიოთეკა, 1987-5894 ; N 3 | ||
| 504 | _a ბიბლიოგრ.: გვ. 29-30. | ||
| 653 | _aსახელმწიფო ხელისუფლების ორგანოები საქართველოში | ||
| 653 | _aსასამართლო ხელისუფლება საქართველოში | ||
| 653 | _a ქართული სამართლის ისტორიული წყაროები | ||
| 942 |
_2udc _cBK |
||